Novelizovaný zákon o cestovných náhradách s aktualizovanými dôvodovými správami v úplnom znení

Bibliographic Details
Corporate Author: Slovensko (Author)
Format: Book
Language:Slovak
PhysicalDescription:32 strán 21 cm
Published: Ružomberok Epos 2020
ISBN:9788056202944
Series:Novelizované zákony s dôvodovými správami v úplnom znení
Subjects:

MARC

LEADER 00000nam a2200000 4500
001 vtls012000569
003 SK-MaSNL
005 20260425231138.0
008 240210s2020 xo e lf 000 0 slo
015 |a SNBI2020 
020 |a 9788056202944  |q (brožované) 
035 |a urn:nbn:sk:snk-am00fbs0 
035 |a urn:nbn:sk:snk-am3ipzi 
035 |a EE949F32-A0BB-4F84-A132-70A35C0B4D92 
040 |a SNK  |b slo  |c SNK  |e rda 
041 0 |a slo 
043 |a e-xo--- 
044 |a xo  |c SK 
072 7 |a 331  |x Práca  |2 konspekt 
080 |a (437.6)  |2 2011 
080 |a (094.5)  |2 2011 
080 |a (035)  |2 2011 
080 |a 331.346.2  |2 2011 
080 |a 351.83  |2 2011 
110 1 |a Slovensko  |4 aut  |9 266955 
240 1 0 |a Novelizovaný zákon o cestovných náhradách (2002, novela 2020) 
245 1 0 |a Novelizovaný zákon o cestovných náhradách s aktualizovanými dôvodovými správami v úplnom znení 
264 1 |a Ružomberok  |b Epos  |c 2020 
300 |a 32 strán  |c 21 cm 
336 |a text  |b txt  |2 rdacontent 
337 |a bez média  |b n  |2 rdamedia 
338 |a zväzok  |b nc  |2 rdacarrier 
490 1 |a Novelizované zákony s dôvodovými správami v úplnom znení 
500 |a Špecializovaná edícia neperiodických publikácií Predpisy pre podnikateľskú sféru ; ročník 2020 
650 0 7 |a cestovné náhrady  |2 SNKPH  |9 68784 
650 0 7 |a Travel allowances  |2 SNKPHeng  |9 341586 
651 7 |a Slovensko  |2 SNKPH  |9 14231 
651 7 |a Slovakia  |2 SNKPHeng  |9 92630 
655 7 |a zákony  |2 SNKPH  |9 70186 
655 7 |a príručky  |2 SNKPH  |9 74364 
655 7 |a Laws  |2 SNKPHeng  |9 266957 
655 7 |a Handbooks, manuals, etc.  |2 SNKPHeng  |9 90964 
830 0 |a Novelizované zákony s dôvodovými správami v úplnom znení  |9 293588 
919 |a 978-80-562-0294-4 
999 |c 695939  |d 697869 
952 |a SNK  |b SNK  |y PREZ  |7 0  |p 17A1446249  |o snkSC 190897  |i snk2020/20103  |8 0  |0 0  |1 0  |4 0  |d 2020-10-29  |f 1  |l 0  |r 2025-10-08 00:00:00  |w 2026-02-23 
952 |a SNK  |b SNK  |y VYP  |7 0  |p 17A1446250  |o snkSC 190897 D1  |i snk2020/20105  |8 0  |0 0  |1 0  |4 0  |d 2020-10-29  |l 0  |r 2026-02-23 20:41:28  |w 2026-02-23